000 00350pab a2200145 454500
008 180718b2015 xxu||||| |||| 00| 0 eng d
100 _aSinha, Dipa
245 _aCash for food-A misplaced idea
260 _c2015
300 _ap.17-20.
362 _a18 Apr
650 _aFood supply
773 _aEconomic and Political Weekly
909 _a107462
999 _c107457
_d107457